[Event "23rd Staufer-Open"]
[Site "Leinzell GER"]
[Date "2011.01.02"]
[Round "3"]
[White "Merk,T"]
[Black "Jurek,J"]
[Result "1/2-1/2"]
[WhiteElo "2152"]
[BlackElo "2354"]

1.e4 c5 2.c3 Nf6 3.e5 Nd5 4.d4 cxd4 5.Nf3 e6 6.cxd4 b6 7.Nc3 Nxc3 8.bxc3 Qc7
9.Bd2 d6 10.Bd3 Nd7 11.exd6 Bxd6 12.Qe2 Bb7 13.O-O O-O 14.h3 Bf4 15.Bxf4 Qxf4
16.Qe3 Qd6 17.Ng5 Nf6 18.f3 Qg3 19.Qe5 Qxe5 20.dxe5 h6 21.Nxe6 fxe6 22.exf6 Rxf6
23.Rfd1 Rc8 24.Bb5 Rxc3 25.Rd8+ Rf8 26.Rd7 Rf7 27.Rd8+ Kh7 28.a4 Rc5 29.Re1 Bd5
30.h4 g6 31.Be8 Rg7 32.Bb5 Rcc7 33.h5 Bc4 34.Bxc4 Rxc4 35.Rxe6 Rxa4 36.Rdd6 gxh5
37.Rxh6+ Kg8 38.Rd8+ Kf7 39.Rd7+  1/2-1/2

[Event "Hastings Masters 2010-11"]
[Site "Hastings ENG"]
[Date "2011.01.04"]
[Round "8.40"]
[White "Stewart,Ashley "]
[Black "Flynn,D"]
[Result "0-1"]
[WhiteElo "1980"]
[BlackElo "2061"]

1.e4 c5 2.c3 Nf6 3.e5 Nd5 4.d4 cxd4 5.Nf3 Nc6 6.cxd4 d6 7.Bc4 Nb6 8.Bb3 dxe5
9.d5 Na5 10.Nc3 Nxb3 11.Qxb3 e6 12.Be3 Nxd5 13.Qb5+ Qd7 14.Nxe5 Qxb5 15.Nxb5 a6
16.Nd4 Be7 17.Rc1 O-O 18.Ke2 f6 19.Nd3 e5 20.Nb3 b6 21.f3 Bd7 22.Rhd1 Bb5
23.Kf2 Nxe3 24.Kxe3 Rac8 25.Nf2 Rxc1 26.Rxc1 Rd8 27.Ne4 f5 28.Rc7 Rd3+ 29.Kf2 Bd8
30.Rc3 fxe4 31.fxe4 Rxc3 32.bxc3 Bc4  0-1

[Event "118th ch-NZL 2011"]
[Site "Auckland NZL"]
[Date "2011.01.05"]
[Round "4.1"]
[White "Ker,A"]
[Black "Smith,Ro"]
[Result "1-0"]
[WhiteElo "2336"]
[BlackElo "2287"]

1.e4 c5 2.c3 Nf6 3.e5 Nd5 4.d4 cxd4 5.Nf3 Nc6 6.cxd4 d6 7.Bc4 Nb6 8.Bb3 dxe5
9.d5 Na5 10.Nc3 Bg4 11.Ba4+ Nxa4 12.Qxa4+ Bd7 13.Qe4 f6 14.O-O Rc8 15.Rd1 Nc4
16.b3 Nd6 17.Qe3 g6 18.Ne4 Qb6 19.Qxb6 axb6 20.Nfd2 Nxe4 21.Nxe4 Bg7 22.Be3 f5
23.Ng5 Bf6 24.Ne6 Kf7 25.Bxb6 Bxe6 26.dxe6+ Kxe6 27.a4 Rc2 28.b4 Rhc8 29.Bc5 e4
30.Rab1 Ra2 31.a5 Be5 32.g3 Bd6 33.Bb6 Rcc2 34.b5 g5 35.Rf1 h5 36.Kg2 f4
37.gxf4 gxf4 38.Kh3 Kf5 39.Ra1 Rc3+ 40.Kg2 Rcc2 41.a6 bxa6 42.bxa6 e3 43.a7 e2
44.Rfe1 Bb4 45.Rxa2 Rxa2 46.Rxe2 Ra3 47.Rb2 f3+ 48.Kh3 Bd6 49.Rb5+  1-0

[Event "118th ch-NZL 2011"]
[Site "Auckland NZL"]
[Date "2011.01.05"]
[Round "4.2"]
[White "Mc Laren,L"]
[Black "Watson,B"]
[Result "1/2-1/2"]
[WhiteElo "2207"]
[BlackElo "2282"]

1.e4 c5 2.c3 Nf6 3.e5 Nd5 4.d4 cxd4 5.Nf3 e6 6.cxd4 d6 7.Nc3 Nxc3 8.bxc3 Qc7
9.Bd2 Nd7 10.exd6 Bxd6 11.Bd3 b6 12.O-O Bb7 13.Re1 O-O 14.Ne5 Nxe5 15.dxe5 Bc5
16.Qg4 f5 17.exf6 Rxf6 18.Be3 Raf8 19.f3 Bd6 20.Qh4 h6 21.Rac1 Bf4 22.Bxf4 Rxf4
23.Qh5 Bd5 24.Qg6 Qc5+ 25.Kh1 R8f6 26.Qe8+ Rf8 27.Qg6 R8f6  1/2-1/2

[Event "37th ch-IND w"]
[Site "Bhubaneswar IND"]
[Date "2011.01.05"]
[Round "11"]
[White "Rathore,So"]
[Black "Preethi,R"]
[Result "0-1"]
[WhiteElo "1971"]
[BlackElo "2073"]

1.e4 c5 2.c3 Nf6 3.e5 Nd5 4.Nf3 Nc6 5.d4 cxd4 6.cxd4 e6 7.Bc4 d6 8.O-O Be7
9.Qe2 O-O 10.Nc3 Nxc3 11.bxc3 dxe5 12.dxe5 Qc7 13.Qe4 Rd8 14.Re1 Bd7 15.Bd3 g6
16.Bg5 Be8 17.Bxe7 Qxe7 18.h4 Qc5 19.Rac1 Qd5 20.Bc2 Qxe4 21.Rxe4 Rac8 22.Bb3 Na5
23.Nd4 Rc5 24.f4 Rdc8 25.Re3 b5 26.a3 Rd8 27.Rf1 Rdc8 28.Rff3 Bc6 29.Rh3 Bd5
30.Bxd5 Rxd5 31.g4 Nc4 32.Re1 Nxa3 33.f5 b4 34.fxe6 bxc3 35.exf7+ Kxf7 36.e6+ Ke7
37.Rd3 Nc2 38.Rb1 Nxd4 39.Rb7+ Kxe6 40.Re3+ Re5  0-1

[Event "23rd Staufer-Open"]
[Site "Leinzell GER"]
[Date "2011.01.05"]
[Round "7"]
[White "Fleischer,F"]
[Black "Hubel,M"]
[Result "1/2-1/2"]
[WhiteElo "2220"]
[BlackElo "2113"]

1.e4 c5 2.c3 Nf6 3.e5 Nd5 4.d4 cxd4 5.Nf3 Nc6 6.Bc4 e6 7.cxd4 Bb4+ 8.Bd2 Bxd2+
9.Qxd2 Nb6 10.Bd3 f6 11.O-O O-O 12.Nc3 fxe5 13.Nxe5 d6 14.Nxc6 bxc6 15.Rae1 Nd5
16.f4 Rb8 17.Rf2 Nf6 18.h3 Rb7 19.Ne4 Nxe4 20.Bxe4 d5 21.Bb1 Rbf7 22.Qc2 Qh4
23.Re3 g5 24.Ref3  1/2-1/2

[Event "23rd Staufer-Open"]
[Site "Leinzell GER"]
[Date "2011.01.05"]
[Round "7"]
[White "Namyslo,H"]
[Black "Ikonnikov,Vy"]
[Result "1/2-1/2"]
[WhiteElo "2240"]
[BlackElo "2580"]

1.e4 c5 2.c3 Nf6 3.e5 Nd5 4.d4 cxd4 5.Nf3 e6 6.cxd4 b6 7.Nc3 Nxc3 8.bxc3 Bb7
9.Bd3 Qc7 10.Bd2 d6 11.O-O Nd7 12.Ng5 dxe5 13.Qh5 g6 14.Qh3 Be7 15.Rfe1 h6
16.dxe5 Nc5 17.Bb5+ Kf8 18.Be3 Qxe5 19.Nxf7 Kxf7 20.Bxc5 Bxg2 21.Qxg2 Qxc5
22.Bd7 Qg5 23.Bxe6+ Kg7 24.Qxg5 Bxg5 25.Rad1 Rad8 26.c4 Be7 27.Rd7 Rxd7 28.Bxd7 Bc5
29.Re8 Rh7 30.Be6 Kf6 31.Bd5 Rc7 32.a4 Be7 33.Rh8 h5 34.Rh7 Kg5 35.Bf7 Kf6
36.Bd5 a6 37.Bg8 Bd6 38.Rxc7 Bxc7 39.Bd5 h4 40.Kg2 Ke5 41.Bb7 a5 42.h3 Kd4
43.Ba6 g5 44.Kf3  1/2-1/2

[Event "1st HDBank Cup"]
[Site "Ho Chi Minh City VIE"]
[Date "2011.01.06"]
[Round "5.27"]
[White "Phan Dinh Nhat Khanh"]
[Black "Sukandar,I"]
[Result "0-1"]
[WhiteElo "1985"]
[BlackElo "2382"]

1.e4 c5 2.c3 Nf6 3.e5 Nd5 4.d4 cxd4 5.cxd4 e6 6.Bc4 d6 7.Nf3 Nb6 8.Bb3 dxe5
9.dxe5 Qxd1+ 10.Bxd1 Nc6 11.O-O Be7 12.Nc3 O-O 13.a3 Bd7 14.b4 Rac8 15.Ne4 Nc4
16.Bf4 Nb8 17.Be2 Bc6 18.Nd6 Nxd6 19.exd6 Bf6 20.Rad1 Nd7 21.b5 Bd5 22.Rc1 Bb2
23.Rc7 Rcd8 24.a4 Nf6 25.a5 Ne8 26.b6 axb6 27.axb6 Nxd6 28.Ne5 Ne4 29.Nd3 Bd4
30.Nb4 Nc3 31.Bd3 e5 32.Bd2 Ne4 33.Nxd5 Nxd2 34.Ne7+ Kh8 35.Re1 Bxb6 36.Rxb7 Bc5
37.Bc2 Ra8 38.Rd1 Bxe7 39.Rxe7 Rfc8 40.Rxd2 Rxc2 41.Re8+ Rxe8 42.Rxc2 f5
43.Kf1 h6 44.Ke2 Kh7 45.Rc6 Kg8 46.g3 Kf7 47.h4 Re6 48.Rc3 Kg6 49.Kf3 Kh5
50.Rc4 g5 51.hxg5 hxg5 52.Rc5 e4+ 53.Ke3 Kg4 54.Ke2 Ra6 55.Rc2 Ra3 56.Rc4 Kh3
57.Rc8 Kg2 58.Rc2 f4 59.gxf4 gxf4 60.Ke1 Ra1+ 61.Ke2 Rf1 62.Rc4 Rxf2+ 63.Ke1 e3
64.Ra4 Kf3 65.Ra3  0-1

[Event "Grokhotova Memorial"]
[Site "Kremenchug UKR"]
[Date "2011.01.06"]
[Round "8"]
[White "Jakimov,V"]
[Black "Boroday,S"]
[Result "1-0"]
[WhiteElo "2489"]
[BlackElo "2355"]

1.e4 c5 2.c3 Nf6 3.e5 Nd5 4.d4 cxd4 5.Nf3 Nc6 6.cxd4 d6 7.Bc4 e6 8.O-O dxe5
9.dxe5 Be7 10.Qe2 Na5 11.Bxd5 Qxd5 12.Rd1 Qc4 13.Qe1 b6 14.Rd4 Qc2 15.Rg4 Bb7
16.Na3 Qd3 17.Rg3 Bxa3 18.bxa3 O-O-O 19.Bb2 Qb5 20.Bc3 Rd3 21.Ng5 Rxg3 22.hxg3 Qd7
23.Bxa5 bxa5 24.Rd1 Bd5 25.Rb1 Rd8 26.Qxa5 f6 27.Qb4 Qc7 28.Nf7 Rg8 29.Nd6+ Kd7
30.Kh2 fxe5 31.Nb5 Qb6 32.Qa4 Qxf2 33.Nc3+ Ke7 34.Nxd5+ exd5 35.Rb7+ Kf6
36.Qc6+ Kg5 37.Qxd5 Qe2 38.Re7 Re8 39.Rxg7+ Kh6 40.Rd7 Qh5+ 41.Kg1 Rc8 42.Rd6+  1-0

[Event "Berkeley Int Open"]
[Site "Berkeley USA"]
[Date "2011.01.07"]
[Round "9"]
[White "Bojkov,D"]
[Black "Naroditsky,D"]
[Result "0-1"]
[WhiteElo "2544"]
[BlackElo "2419"]

1.e4 c5 2.c3 Nf6 3.e5 Nd5 4.d4 cxd4 5.Nf3 Nc6 6.cxd4 d6 7.Bc4 Nb6 8.Bb5 dxe5
9.Nxe5 Bd7 10.Nxd7 Qxd7 11.Nc3 e6 12.O-O Be7 13.Qg4 O-O 14.Bxc6 bxc6 15.Bh6 Bf6
16.Rfd1 e5 17.Qxd7 Nxd7 18.dxe5 Nxe5 19.Ne4 Be7 20.Bf4 Ng6 21.Bc7 f5 22.Nd6 Nf4
23.Nc4 Nd5 24.Be5 a5 25.Rac1 Bg5 26.Rb1 Rfe8 27.g3 f4 28.Rd4 fxg3 29.hxg3 Bf6
30.Bxf6 Nxf6 31.Rc1 Rab8 32.Rc2 c5 33.Rdd2 a4 34.Kg2 Re4 35.Ne3 Rd4 36.Re2 Rdb4
37.a3 Rb3 38.Nc4 Rd8 39.Re6 Rdb8 40.Rd2 h5 41.Ra6 Rf8 42.Re6 Ng4 43.Ree2 h4
44.gxh4 Rf4 45.h5 Rxc4 46.Rd8+ Kf7 47.Rd7+ Kf6 48.Rd6+ Kg5 49.Rg6+ Kxh5 50.Rxg7 Kh6
51.Rg8 Nf6 52.Rc8 Kg6 53.Rc6 Kf5 54.Rd2 Nh5 55.Rcd6 Nf4+ 56.Kf1  0-1

[Event "1st HDBank Cup"]
[Site "Ho Chi Minh City VIE"]
[Date "2011.01.07"]
[Round "6.27"]
[White "Phan Dinh Nhat Khanh"]
[Black "Shen Siyuan"]
[Result "0-1"]
[WhiteElo "1985"]
[BlackElo "2374"]

1.e4 c5 2.c3 Nf6 3.e5 Nd5 4.d4 cxd4 5.cxd4 d6 6.Nf3 Nc6 7.Bc4 Nb6 8.Bd3 Bg4
9.exd6 Qxd6 10.Be3 g6 11.h3 Bxf3 12.Qxf3 Bg7 13.Nc3 O-O 14.O-O e5 15.d5 Nd4
16.Qg3 Qd7 17.f4 Nxd5 18.Nxd5 Qxd5 19.f5 e4 20.f6 exd3 21.Qf2 Ne2+ 22.Kh1 Bh8
23.Rad1 Rfe8 24.Rfe1 Qe5 25.Rxd3 Ng3+ 26.Kg1 Ne4 27.Qc2 Nxf6 28.Rf1 Qe6 29.Bd4 Ne4
30.Bxh8 Kxh8 31.Rfd1 Kg7 32.Qa4 Qb6+ 33.Rd4 Rad8 34.Kh2 Rxd4 35.Rxd4 Qc7+
36.Kg1 Qc1+ 37.Kh2 Qf4+ 38.Kg1 Qf2+ 39.Kh2 Qg3+ 40.Kg1 Nf6 41.Rd1 Re2  0-1

[Event "TCh-BEL 2010-11"]
[Site "Ghent BEL"]
[Date "2011.01.09"]
[Round "6.6"]
[White "Klyuner,V"]
[Black "Goormachtigh,J"]
[Result "1/2-1/2"]
[WhiteElo "2448"]
[BlackElo "2282"]

1.e4 c5 2.c3 Nf6 3.e5 Nd5 4.d4 cxd4 5.Qxd4 e6 6.Nf3 Nc6 7.Qe4 f5 8.Qe2 Qc7
9.g3 Be7 10.c4 Nd8 11.Bd2 Nb4 12.Na3 a6 13.Bg2 b6 14.O-O Bb7 15.Bc3 Nf7 16.h4 O-O
17.Rfe1 Nh6 18.Qd2 Nc6 19.Rad1 Rad8 20.b4 f4 21.gxf4 Nf5 22.h5 d5 23.cxd5 exd5
24.Qb2 d4 25.Bd2 b5 26.Nb1 h6 27.a3 Qd7 28.Qb3+ Kh8 29.Bh3 Qe8 30.Bg4 d3
31.Kf1 Ncd4 32.Nxd4 Nxd4 33.Qxd3 Nf3 34.Qxf3 Bxf3 35.Bxf3 Rd4 36.Nc3 Qc8
37.Ne4 Rfd8 38.Kg2 Rd3 39.Rc1 Qf5 40.Ng3 Qf8 41.Be3 Rxa3 42.Rc7 Bxb4 43.Rec1 a5
44.R1c6 Rad3 45.Rb7 Rb8 46.Ra7 Rc3 47.Rg6 Bc5 48.Bxc5 Rxc5 49.Be4 Rc4 50.Kf3 Rxe4
51.Nxe4 b4 52.e6 b3 53.e7 Qf5 54.Rd6 Qxh5+ 55.Kg3 Re8 56.Rd8 Qg6+ 57.Kf3 b2
58.Raa8 Qxe4+ 59.Kxe4 b1=Q+ 60.Kd4 Qb4+  1/2-1/2

[Event "TCh-BEL 2010-11"]
[Site "Hauset BEL"]
[Date "2011.01.09"]
[Round "6.4"]
[White "Henris,L"]
[Black "Van Kampen,R"]
[Result "1-0"]
[WhiteElo "2204"]
[BlackElo "2430"]

1.e4 c5 2.c3 Nf6 3.e5 Nd5 4.Nf3 d6 5.d4 cxd4 6.Qxd4 e6 7.Bb5+ Bd7 8.Bxd7+ Qxd7
9.Nbd2 Nc6 10.Qe4 dxe5 11.Nxe5 Nxe5 12.Qxe5 f6 13.Qh5+ g6 14.Qf3 Bg7 15.O-O O-O
16.Rd1 Rad8 17.Nb3 Qc8 18.Bd2 e5 19.Rac1 f5 20.Bg5 e4 21.Qe2 Rd7 22.Rd2 h6
23.Rcd1 Nb6 24.Rxd7 Nxd7 25.Be3 Rf7 26.Bd4 Kh7 27.Bxg7 Rxg7 28.Qb5 a6 29.Qd5 Nb6
30.Qd2 Nc4 31.Qe2 b5 32.Rd4 Re7 33.h3 Qc7 34.Rd1 f4 35.Nd4 e3 36.fxe3 fxe3
37.Rf1 Nd2 38.Rd1 Qg3 39.Rxd2 Rf7 40.Rc2 h5 41.Nf3 Rd7  1-0

[Event "Australian Open"]
[Site "Cammeray AUS"]
[Date "2011.01.10"]
[Round "8.41"]
[White "Chen,Vincent"]
[Black "Reynolds,Paul J"]
[Result "1-0"]
[WhiteElo "1882"]
[BlackElo "1784"]

1.e4 c5 2.c3 Nf6 3.e5 Nd5 4.d4 e6 5.Nf3 Nc6 6.Be2 d6 7.O-O Be7 8.Bc4 Nb6
9.Bb3 c4 10.Bc2 d5 11.Bf4 Bd7 12.Re1 g5 13.Bg3 g4 14.Nfd2 h5 15.Nf1 Qc7 16.a4 Na5
17.Nbd2 O-O-O 18.b4 Nc6 19.a5 Na8 20.Ba4 f5 21.Bf4 Rdg8 22.Bxc6 Bxc6 23.Qc1 Bf8
24.g3 h4 25.Re2 Qh7 26.Nb1 Nc7 27.Na3 a6 28.Rb2 Rg6 29.Rab1 Ne8 30.b5 Bxa3
31.bxc6 Bxb2 32.Qxb2 Rg7 33.Qb6 hxg3 34.fxg3 bxc6  1-0

[Event "36th Open"]
[Site "Seville ESP"]
[Date "2011.01.12"]
[Round "6"]
[White "Lanzani,M"]
[Black "Spraggett,K"]
[Result "1/2-1/2"]
[WhiteElo "2359"]
[BlackElo "2575"]

1.e4 c5 2.c3 Nf6 3.e5 Nd5 4.Bc4 e6 5.Nf3 d6 6.d4 cxd4 7.cxd4 Nb6 8.Bd3 Bd7
9.Bg5 Be7 10.Bxe7 Qxe7 11.Nc3 Bc6 12.O-O N8d7 13.Nb5 Bxb5 14.Bxb5 O-O 15.Qb3 dxe5
16.dxe5 Nc5 17.Qa3 a6 18.Rac1 Rfc8 19.Be2 Nd5 20.Bc4 Nb6 21.Be2 a5 22.Nd4 Nd5
23.Bc4 Nb4 24.Qe3 Rd8 25.Rfd1 h6 26.f4 Nd5 27.Qf3 Na4 28.Bb3 Nab6 29.a3 g6
30.Nb5 Rdc8 31.Nd6 Rc6 32.Rxc6 bxc6 33.Qf2 Rb8 34.Bc2 Nc8 35.Nc4 Qc7 36.h4 h5
37.Kh2 Nce7 38.Qd2 c5 39.Be4 a4 40.f5 gxf5 41.Qg5+ Ng6 42.Bxd5 exd5 43.Rxd5 Qc6
44.Rd6 Qe4 45.Rxg6+ fxg6 46.Qxg6+ Kh8 47.Qf6+ Kg8  1/2-1/2

[Event "TCh-SVK Extraliga 2010-11"]
[Site "Bardejov CZE"]
[Date "2011.01.15"]
[Round "3.2"]
[White "Motuz,K"]
[Black "Bednar,Mil"]
[Result "1-0"]
[WhiteElo "2245"]
[BlackElo "2266"]

1.e4 c5 2.c3 Nf6 3.e5 Nd5 4.Nf3 e6 5.d4 cxd4 6.cxd4 Qc7 7.Bd2 b6 8.Nc3 Nxc3
9.bxc3 Be7 10.h4 h6 11.Rh3 Nc6 12.Rg3 g6 13.Qc1 Bf8 14.Qb1 Bb7 15.Rxg6 Ne7
16.Rg3 Nf5 17.Rh3 Rg8 18.a4 Rg4 19.h5 Be4 20.Qd1 Qb7 21.Nh2 Rxg2 22.f3 Rxh2
23.Rxh2 Bxf3 24.Be2 Be4 25.Rh3 Be7 26.Bf3 Bh4+ 27.Kf1 O-O-O 28.Bxe4 Qxe4
29.Qf3 Qxf3+ 30.Rxf3 Rg8 31.Ke2 Rg2+ 32.Kd3 Bg5 33.Bxg5 Rxg5 34.a5 Rxh5 35.axb6 axb6
36.Ra8+ Kb7 37.Rf8 Kc6 38.Rxf7 b5 39.Rf8 Rh2 40.Rc8+ Kb7 41.Rc5 Kb6 42.Rc8 Kb7
43.Rf8 Kc6 44.Rf6 Ne7 45.Rg3 Nd5 46.Rf8 Nb6 47.Rh8 Kd5 48.Rb8 Kc6 49.Rg7 Rh3+
50.Kc2 Na4 51.Rc8+ Kb7 52.Rgg8 Nb6 53.Rc5 Ka6 54.Rg1 Rh2+ 55.Kb3 Na4 56.Rc7 Rb2+
57.Ka3 Rc2 58.Rxd7 Rxc3+ 59.Ka2 Ka5 60.d5 exd5 61.e6 Re3 62.e7 Nb6 63.Ra7+ Kb4
64.Rg8 Re2+ 65.Kb1 Re1+ 66.Kc2 Re2+ 67.Kd3  1-0

[Event "Marienbad Open"]
[Site "Marianske Lazne CZE"]
[Date "2011.01.15"]
[Round "1"]
[White "Hirstel,S"]
[Black "Sharapov,E"]
[Result "0-1"]
[WhiteElo "1946"]
[BlackElo "2468"]

1.e4 c5 2.c3 Nf6 3.e5 Nd5 4.Nf3 d6 5.exd6 e6 6.d4 cxd4 7.Qxd4 Nc6 8.Bb5 Qxd6
9.O-O Bd7 10.Qe4 a6 11.Bd3 g6 12.Na3 Bg7 13.Nc4 Qc7 14.Re1 O-O 15.Qh4 e5
16.Bh6 f6 17.Bxg7 Kxg7 18.Ne3 Nxe3 19.Rxe3 Rad8 20.Ree1 Be6 21.Bc2 Rd6 22.Bb3 Bxb3
23.axb3 Rfd8 24.Qa4 Rd5 25.b4 f5 26.h3 Qd6 27.Qb3 e4 28.Nh2 Ne5 29.Nf1 Nd3
30.Re2 Qf4 31.Qc2 h5 32.Ne3 R5d7 33.Nf1 h4 34.Qd2 Qxd2 35.Rxd2 Kf6 36.Re2 Nf4
37.Ree1 g5 38.Ne3 Nd3 39.Reb1 Ne5 40.Rd1 Rxd1+ 41.Rxd1 Rxd1+ 42.Nxd1 f4 43.Kf1 b5
44.b3 Ke6 45.Nb2 Kd5 46.Ke2 f3+ 47.gxf3 exf3+ 48.Kf1 Ke4 49.c4 Kd4 50.cxb5 axb5
51.Nd1 g4 52.Ne3 gxh3 53.Nf5+ Kc3  0-1

[Event "Marienbad Open"]
[Site "Marianske Lazne CZE"]
[Date "2011.01.18"]
[Round "5"]
[White "Hirstel,S"]
[Black "Niering,M"]
[Result "0-1"]
[WhiteElo "1946"]
[BlackElo "2165"]

1.e4 c5 2.c3 Nf6 3.e5 Nd5 4.d4 cxd4 5.Nf3 Nc6 6.cxd4 d6 7.Bc4 Nb6 8.Bb3 e6
9.O-O dxe5 10.dxe5 Qxd1 11.Rxd1 Be7 12.Nc3 O-O 13.Bf4 Bd7 14.a3 Rfd8 15.Rd2 Na5
16.Ba2 Nac4 17.Re2 Bc6 18.Ng5 Rd4 19.Nge4 h6 20.Rae1 Rad8 21.Bb1 Nd5 22.Bg3 b5
23.Nxd5 Bxd5 24.Nc3 Bc6 25.f3 Rd2 26.Bf4 Rxb2  0-1

[Event "ch-BLR w"]
[Site "Minsk BLR"]
[Date "2011.01.19"]
[Round "4.2"]
[White "Stetsko,L"]
[Black "Sharevich,A"]
[Result "1/2-1/2"]
[WhiteElo "2142"]
[BlackElo "2332"]

1.e4 c5 2.c3 Nf6 3.e5 Nd5 4.d4 cxd4 5.Nf3 e6 6.cxd4 b6 7.Nc3 Nxc3 8.bxc3 Qc7
9.Bd2 Be7 10.Bd3 Ba6 11.Qe2 Bxd3 12.Qxd3 Nc6 13.O-O h6 14.c4 O-O 15.Qe4 Bb4
16.Bf4 Ne7 17.Rac1 Ng6 18.Be3 Rac8 19.Qg4 Ba3 20.Rc3 Bb4 21.Rcc1 d6 22.exd6 Bxd6
23.g3 Qb7 24.h4 Kh8 25.Qh5 Kg8 26.Qg4 Bb8 27.h5 f5 28.Qxg6 Rf6 29.Nh4 Rxg6
30.Nxg6 Re8 31.Bf4 Bxf4 32.Nxf4 Qd7 33.Rfd1 Rd8 34.Re1 Re8 35.Red1 Rc8 36.Re1 Qxd4
37.Rxe6 b5 38.c5 Rxc5 39.Re8+ Kf7 40.Rce1 Qd7 41.R8e3 Rc7 42.Re5 b4 43.Rd5 Qc8
44.Ree5 Rd7 45.Rxf5+ Kg8 46.Rxd7 Qxd7 47.Ng6 Qd8 48.Kf1 a5 49.Rf8+ Qxf8 50.Nxf8 Kxf8
51.Ke2 a4 52.Kd3 Kf7 53.Kc4 b3 54.axb3 axb3 55.Kxb3 Kf6 56.Kc4 Kg5 57.Kd5 Kxh5
58.f3 Kg5  1/2-1/2

[Event "3rd Chennai Open"]
[Site "Chennai IND"]
[Date "2011.01.20"]
[Round "4"]
[White "Banerjee,S"]
[Black "Zherebukh,Y"]
[Result "0-1"]
[WhiteElo "2182"]
[BlackElo "2565"]

1.e4 c5 2.c3 Nf6 3.e5 Nd5 4.d4 cxd4 5.Nf3 Nc6 6.Bc4 e6 7.Bxd5 exd5 8.O-O d6
9.exd6 Bxd6 10.Re1+ Be6 11.Nxd4 O-O 12.Nxe6 fxe6 13.Rxe6 Rxf2 14.Rxd6 Qb6
15.Rxc6 bxc6 16.Qd4 Raf8 17.Nd2 Re2 18.Nf3 Qb8 19.Qd3 Qe8 20.Bd2 Qe4 21.Qd4 c5
22.Qxe4 dxe4 23.Ng5 Rxd2 24.Nxe4 Rxb2 25.Rd1 h6 26.a4 Re2 27.Ng3 Ra2 28.Ne4 Re8
29.Ng3 Rxa4 30.Rd7 Rf4 31.h3 Rf7 32.Rd5 Re3  0-1

[Event "ch-CRO"]
[Site "Marija Bistrica CRO"]
[Date "2011.01.20"]
[Round "4.4"]
[White "Stevic,H"]
[Black "Kozul,Z"]
[Result "0-1"]
[WhiteElo "2621"]
[BlackElo "2576"]

1.e4 c5 2.c3 Nf6 3.e5 Nd5 4.d4 cxd4 5.Nf3 Nc6 6.cxd4 d6 7.Bc4 e6 8.O-O Be7
9.exd6 Bxd6 10.Nc3 O-O 11.Re1 h6 12.Bb3 b6 13.Nxd5 exd5 14.Ne5 Bxe5 15.dxe5 Be6
16.Qd3 Rc8 17.Bc2 g6 18.Qd2 Qc7 19.Qxh6 Nxe5 20.Bd1 Bf5 21.Bf4 Rfe8 22.Ba4 Re7
23.Qh4 Qd6 24.Qg3 f6 25.Bb3 Kg7 26.h3 d4 27.Bd2 Be6 28.h4 Bxb3 29.axb3 Qd7
30.h5 Rce8 31.Rxe5 Rxe5 32.Qxg6+ Kh8 33.Qxf6+ Qg7 34.Qc6 Qf7 35.h6 Re2 36.Bg5 Re1+
37.Rxe1 Rxe1+ 38.Kh2 Qh5+ 39.Kg3 Qxg5+ 40.Kf3  0-1

[Event "ch-AZE"]
[Site "Baku AZE"]
[Date "2011.01.21"]
[Round "1.4"]
[White "Mammadov,Z"]
[Black "Guliev,L"]
[Result "1-0"]
[WhiteElo "2443"]
[BlackElo "2464"]

1.e4 c5 2.c3 Nf6 3.e5 Nd5 4.d4 cxd4 5.cxd4 d6 6.Bc4 Nb6 7.Bb5+ Nc6 8.Nf3 dxe5
9.Nxe5 Bd7 10.Nxd7 Qxd7 11.Nc3 e6 12.Qg4 g6 13.O-O Bg7 14.d5 Nxd5 15.Rd1 Rd8
16.Nxd5 exd5 17.Bxc6 bxc6 18.Re1+ Kf8 19.Qb4+ Qd6 20.Qa5 h6 21.Bf4 Qd7 22.Qc5+ Kg8
23.Re7 Qf5 24.Bc7 Rd7 25.Re8+ Kh7 26.Rxh8+ Bxh8 27.Qxc6 Bxb2 28.Rd1 d4 29.Be5 Rd8
30.f4 Rc8 31.Qb7 Bc1 32.h3 Be3+ 33.Kh1 a5 34.a4 h5 35.Qe7 Qe6 36.Qb7 Rd8
37.Qc7 Rd5 38.Qb8 f6 39.Bxf6 Qxf6 40.Qb7+ Kh6 41.Qxd5 Qxf4 42.Qd8 Qg3 43.h4 Qe5
44.Rb1 Bd2 45.Qf8+ Qg7 46.Rb8 Qxf8 47.Rxf8 Bc3 48.Rd8 Kg7 49.Rd6 Kf7 50.Kg1 Bb4
51.Rc6 d3 52.Kf2 d2 53.Ke2 Kg7 54.Rc4 Be7 55.Kxd2 Kf6 56.Ke3 g5 57.hxg5+ Kxg5
58.Kf3 Kf5 59.Rd4 Bb4 60.Rd5+ Kg6 61.Ke4 Be1 62.Kf4 h4 63.Rd6+ Kf7 64.Kg5 Kg7
65.Rd1 Bg3 66.Rd5 Be1 67.Re5  1-0

[Event "3rd Chennai Open"]
[Site "Chennai IND"]
[Date "2011.01.21"]
[Round "5"]
[White "Joshua,A"]
[Black "Shetty,R"]
[Result "1/2-1/2"]
[WhiteElo "2001"]
[BlackElo "2284"]

1.e4 c5 2.c3 Nf6 3.e5 Nd5 4.d4 cxd4 5.Nf3 e6 6.cxd4 d6 7.Bd3 Nd7 8.O-O dxe5
9.dxe5 Be7 10.Nc3 Nxc3 11.bxc3 Nc5 12.Bb5+ Bd7 13.Bxd7+ Qxd7 14.Nd4 O-O 15.Qg4 Rfe8
16.Bh6 Bf8 17.Rad1 Qa4 18.f4 Rac8 19.f5 exf5 20.Rxf5 Rc6 21.Be3 Rce6 22.Rdf1 Rxe5
23.Rxf7 Rxe3 24.Rxf8+ Rxf8 25.Rxf8+ Kxf8 26.Qf4+ Kg8 27.Qxe3 h6 28.Nf3 Qd1+
29.Kf2 Qc2+ 30.Kg1 b6 31.Qe8+ Kh7 32.Ng5+  1/2-1/2

[Event "ch-BLR w"]
[Site "Minsk BLR"]
[Date "2011.01.21"]
[Round "6.2"]
[White "Eidelson,R"]
[Black "Sharevich,A"]
[Result "0-1"]
[WhiteElo "2245"]
[BlackElo "2332"]

1.e4 c5 2.c3 Nf6 3.e5 Nd5 4.d4 cxd4 5.Nf3 e6 6.cxd4 d6 7.a3 Bd7 8.Nc3 Bc6
9.Ne4 dxe5 10.dxe5 Qc7 11.Nd6+ Bxd6 12.exd6 Qxd6 13.b4 a6 14.Bb2 f6 15.Bd3 Nd7
16.O-O Qe7 17.Nd4 Ne5 18.Nxc6 Nxc6 19.Re1 O-O 20.Bf5 Nc7 21.Qb3 Rae8 22.Rac1 Qf7
23.Be4 Nd5 24.h3 Rd8 25.Rc5 Nce7 26.Qc2 g6 27.Qe2 Rd6 28.Qf3 Rfd8 29.Rec1 b6
30.R5c4 e5 31.Bb1 Kg7 32.Kh2 Qe6 33.Qe4 R8d7 34.g3 b5 35.R4c2 Nb6 36.Re2 Qd5
37.Qxd5 Rxd5 38.Rcc2 Na4 39.Bc1 Nf5 40.Ba2 Rd1 41.Be6 Re7 42.Bxf5 gxf5 43.Rc6 Red7
44.Be3 R1d3 45.Rec2 Rxa3 46.Rxa6 Rc3 47.Rxc3 Nxc3 48.Kg2 Nd5 49.Bc5 f4 50.Ra8 fxg3
51.Kxg3 Kg6 52.Rb8 Nc3 53.Kg2 Kf5 54.Rb6 h5 55.Kf1 Rd3 56.Be3 h4 57.Rb8 Ke4
58.Kg2 Nd5 59.Bc1 Rd1 60.Bh6 Nxb4 61.Rxb5 Nd3 62.f3+ Kf5 63.Ra5 Rb1 64.Ra3 Rb2+
65.Kg1 Nf4 66.Ra4 Nxh3+ 67.Kh1 Ng5 68.Rxh4 Nxf3 69.Bc1 Rc2  0-1

[Event "TCh-NOR Attack-serien 2010-11"]
[Site "Oslo NOR"]
[Date "2011.01.21"]
[Round "4"]
[White "Solberg,J"]
[Black "Kovachev,D"]
[Result "1-0"]
[WhiteElo "2223"]
[BlackElo "2307"]

1.e4 c5 2.c3 Nf6 3.e5 Nd5 4.Nf3 e6 5.Bc4 d6 6.O-O Nc6 7.exd6 Bxd6 8.d4 cxd4
9.cxd4 O-O 10.a3 b6 11.Re1 Bb7 12.Nc3 Nxc3 13.bxc3 Qc7 14.Bd3 Be7 15.Ng5 Bxg5
16.Bxg5 f6 17.Bd2 Qf7 18.Re3 Rac8 19.Qe2 Nd8 20.Re1 Rc7 21.Rh3 f5 22.c4 Kh8
23.Bb4 Rg8 24.Bc3 b5 25.d5 exd5 26.Qe3 Rc6 27.Qg5 Rg6 28.Qxf5  1-0

[Event "TCh-BEL 2010-11"]
[Site "Belgium BEL"]
[Date "2011.01.23"]
[Round "7.3"]
[White "Donovan,L"]
[Black "Lemmers,O"]
[Result "0-1"]
[WhiteElo "2238"]
[BlackElo "2395"]

1.e4 c5 2.c3 Nf6 3.e5 Nd5 4.d4 cxd4 5.Nf3 Nc6 6.cxd4 d6 7.Bc4 e6 8.O-O Be7
9.exd6 Qxd6 10.Nc3 O-O 11.Bg5 Bxg5 12.Nxg5 Nxc3 13.bxc3 Qf4 14.Qh5 h6 15.Nh3 Qd6
16.f4 b6 17.Bd3 Ne7 18.Be4 Rb8 19.Rf3 Bb7 20.Bxb7 Rxb7 21.g4 Rc7 22.Nf2 Qd5
23.Qh3 Rfc8 24.f5 h5 25.f6 gxf6 26.gxh5 Kh8 27.Rf1 Nf5 28.Ng4 Rg8 29.R1f2 Nxd4
30.cxd4 f5 31.Rg3 Rc1+ 32.Rf1 fxg4 33.Rxg4 Rxf1+ 34.Kxf1 Qf5+  0-1

[Event "TCh-NOR Attack-serien 2010-11"]
[Site "Oslo NOR"]
[Date "2011.01.23"]
[Round "6"]
[White "Dolzhikova,O"]
[Black "Larsen,Martin Halsvik"]
[Result "1-0"]
[WhiteElo "2278"]
[BlackElo "2123"]

1.e4 c5 2.c3 Nf6 3.e5 Nd5 4.d4 cxd4 5.Nf3 e6 6.cxd4 b6 7.Nc3 Nxc3 8.bxc3 Be7
9.d5 exd5 10.Qxd5 Nc6 11.Bf4 Bb7 12.Rd1 Na5 13.Qd2 Bc6 14.Nd4 Ba4 15.Rc1 O-O
16.Bd3 g6 17.O-O a6 18.Bh6 Re8 19.Qf4 Nc6 20.Bc4 Rf8 21.Bxf8 Qxf8 22.Bd5 Rc8
23.Rfe1 Nd8 24.Nf5 Bc6 25.Bxc6 Rxc6 26.Nh6+ Kh8 27.Ng4 Ne6 28.Qf3 Qc8 29.Qxf7 Rxc3
30.Rxc3 Qxc3 31.Rd1 Qc2 32.Ne3 Qc5 33.Rxd7 Nf8 34.Rxe7  1-0

[Event "3rd Chennai Open"]
[Site "Chennai IND"]
[Date "2011.01.24"]
[Round "9"]
[White "Girinath,P"]
[Black "Venkatesh,M"]
[Result "1-0"]
[WhiteElo "2362"]
[BlackElo "2468"]

1.e4 c5 2.c3 Nf6 3.d3 Nc6 4.f4 e6 5.Nf3 d5 6.e5 Nd7 7.g3 Be7 8.Bg2 b5 9.O-O Nb6
10.Be3 Qc7 11.Nbd2 Bd7 12.Bf2 h6 13.Qe2 O-O-O 14.b3 Rde8 15.Rab1 f5 16.exf6 gxf6
17.d4 c4 18.a4 a6 19.Rfc1 Bd6 20.axb5 axb5 21.bxc4 bxc4 22.Rc2 Na7 23.Qe3 Qc6
24.Ne5 fxe5 25.dxe5 Bc7 26.Rcb2 Na4 27.Rb4 Qa6 28.Nxc4 Nc6 29.Rxa4 Qxa4 30.Nb6+ Bxb6
31.Qxb6 Qa7 32.Qb5 Qa8 33.Qc5 Re7 34.c4 Qa5 35.Qd6 Rd8 36.Bb6 Be8 37.Bxa5 Rxd6
38.exd6 Ra7 39.Bb6 Rb7 40.cxd5 exd5 41.Bxd5 Kd7 42.Be4 Ke6 43.Bc5 Rxb1+ 44.Bxb1 Kd5
45.Ba3 Nd4 46.Ba2+ Kc6 47.Bg8 Nb5 48.Bb4 Nxd6 49.Bxd6 Kxd6 50.Kf2 Bd7 51.Bf7 Bg4
52.Bc4 Ke7 53.Be2 Be6 54.h4 Kf6 55.g4 Bd7 56.Kg3 Be6 57.Bd3 Bd7 58.g5+ hxg5
59.hxg5+ Ke6 60.Kg4 Be8 61.Bc4+ Ke7 62.Kf5  1-0